Regional (Record no. 106909)
[ view plain ]
| 000 -LEADER | |
|---|---|
| fixed length control field | 00811cam a22002055a 4500 |
| 001 - CONTROL NUMBER | |
| control field | L137857 |
| 008 - FIXED-LENGTH DATA ELEMENTS--GENERAL INFORMATION | |
| fixed length control field | 070502s2007 xxk f 000 0 eng d |
| 035 ## - SYSTEM CONTROL NUMBER | |
| System control number | (Sirsi) u137857 |
| 041 0# - LANGUAGE CODE | |
| Language code of text/sound track or separate title | eng |
| 100 1# - MAIN ENTRY--PERSONAL NAME | |
| Personal name | Unger, Paul |
| 245 00 - TITLE STATEMENT | |
| Title | Regional |
| Remainder of title | Merseyside |
| 260 ## - PUBLICATION, DISTRIBUTION, ETC. | |
| Date of publication, distribution, etc. | 2007 |
| 490 #0 - SERIES STATEMENT | |
| Series statement | Property Week |
| Volume/sequential designation | 72(19) 27 April 2007, 115-138(10) |
| 520 ## - SUMMARY, ETC. | |
| Summary, etc. | Discusses the development of a new football stadium in Liverpool, the construction of a container terminal in Liverpool and the effects this will have on the city?s shed market, the redevelopment of an artery road leading into Liverpool, and the merging of three of Liverpool?s development agencies. |
| 590 ## - LOCAL NOTE (RLIN) | |
| Local note | KA |
| 651 #4 - SUBJECT ADDED ENTRY--GEOGRAPHIC NAME | |
| Geographic name | MERSEYSIDE |
| 651 #4 - SUBJECT ADDED ENTRY--GEOGRAPHIC NAME | |
| Geographic name | LIVERPOOL |
| 690 ## - LOCAL SUBJECT ADDED ENTRY--TOPICAL TERM (OCLC, RLIN) | |
| Topical term or geographic name as entry element | PROPERTY-COMMERCIAL PROPERTY-COMMERCIAL PROPERTY MARKET |
| 942 ## - ADDED ENTRY ELEMENTS (KOHA) | |
| Suppress in OPAC | 0 |
| Withdrawn status | Lost status | Source of classification or shelving scheme | Damaged status | Not for loan | Home library | Current library | Shelving location | Date acquired | Total Checkouts | Full call number | Barcode | Date last seen | Copy number | Price effective from | Koha item type |
|---|---|---|---|---|---|---|---|---|---|---|---|---|---|---|---|
| Dewey Decimal Classification | London | London | Journal article | 02/05/2007 | L137857 | 137857-1001 | 06/08/2019 | 1 | 06/08/2019 | Journal article |